MARC details
| 000 -LEADER |
| fixed length control field |
02701nam a2200397 a 4500 |
| 001 - CONTROL NUMBER |
| control field |
7244 |
| 003 - CONTROL NUMBER IDENTIFIER |
| control field |
UkOxU |
| 005 - DATE AND TIME OF LATEST TRANSACTION |
| control field |
20180109155304.0 |
| 008 - FIXED-LENGTH DATA ELEMENTS--GENERAL INFORMATION |
| fixed length control field |
130928s2012 maua g 001 0 eng|d |
| 020 ## - INTERNATIONAL STANDARD BOOK NUMBER |
| International Standard Book Number |
9780321740458 (pbk.) : |
|
| International Standard Book Number |
0321740459 (pbk.) : |
| 035 ## - SYSTEM CONTROL NUMBER |
| System control number |
(OCoLC) 502452175 |
| 040 ## - CATALOGING SOURCE |
| Original cataloging agency |
StDuBDS |
| Language of cataloging |
eng |
| Transcribing agency |
StDuBDS |
| Modifying agency |
Uk |
| -- |
UkOxU |
| -- |
BD-DhEWU |
| 041 ## - LANGUAGE CODE |
| Language code of text/sound track or separate title |
eng |
| 082 04 - DEWEY DECIMAL CLASSIFICATION NUMBER |
| Classification number |
519.5 WEI |
| Item number |
2012 |
| 100 1# - MAIN ENTRY--PERSONAL NAME |
| Personal name |
Weiss, N. A. |
| Fuller form of name |
(Neil A.) |
| 9 (RLIN) |
2498 |
| 245 10 - TITLE STATEMENT |
| Title |
Introductory statistics. |
| 250 ## - EDITION STATEMENT |
| Edition statement |
9th ed. / |
| 260 ## - PUBLICATION, DISTRIBUTION, ETC. (IMPRINT) |
| Place of publication, distribution, etc |
Boston [Mass.] ; |
| -- |
London : |
| Name of publisher, distributor, etc |
Addison-Wesley, |
| Date of publication, distribution, etc |
c2012. |
| 300 ## - PHYSICAL DESCRIPTION |
| Extent |
xxvi, 759, [109] p. : |
| Other physical details |
col. ill. ; |
| Dimensions |
28 cm. + |
| 500 ## - GENERAL NOTE |
| General note |
"International edition"--Cover. |
|
| General note |
CD-ROM in sleeve between index and photo credits. |
|
| General note |
Includes index. |
|
| General note |
Formerly CIP. |
| Institution to which field applies |
Uk |
| 505 ## - FORMATTED CONTENTS NOTE |
| Formatted contents note |
Part I: Introduction (The Nature of Statistics). --<br/>Part II: Descriptive Statistics (Organizing Data --<br/>Descriptive Measures). --<br/>Part III: Probability, Random Variables, and Sampling Distributions (Probability Concepts --<br/>Discrete Random Variables --<br/>The Normal Distribution --<br/>The Sampling Distribution of the Sample Mean). --<br/>Part IV: Inferential Statistics (Confidence Intervals for One Population Mean --<br/>Hypothesis Tests for One Population Mean --<br/>Inferences for Two Population Means --<br/>Inferences for Population Standard Deviations --<br/>Inferences for Population Proportions --<br/>Chi-Square Procedures). --<br/>Part V: Regression, Correlation, and ANOVA (Descriptive Methods in Regression and Correlation --<br/>Inferential Methods in Regression and Correlation --<br/>Analysis of Variance (ANOVA)). --<br/>Part VI: Multiple Regression and Model Building; Experimental Design and ANOVA (On The WeissStats CD-ROM) (Module A. Multiple Regression Analysis --<br/>Module B. Model Building in Regression --<br/>Module C. Design of Experiments and Analysis of Variance). --<br/>Appendix A: Statistical Tables --<br/>Appendix B: Answers to Selected Exercises. CD-ROM: Applets --<br/>Data Sets --<br/>DDXL (Excel Add-In) --<br/>Detailed t and Chi-square Tables --<br/>Focus Database --<br/>Formulas and Appendix A Tables --<br/>JMP Concept Discovery Modules --<br/>Minitab Macros --<br/>Regression-ANOVA Modules --<br/>Technology Basics --<br/>TI Programs. |
| 526 ## - STUDY PROGRAM INFORMATION NOTE |
| Program name |
AS |
| 590 ## - LOCAL NOTE (RLIN) |
| Local note |
Tahur Ahmed |
| 650 #0 - SUBJECT ADDED ENTRY--TOPICAL TERM |
| Topical term or geographic name as entry element |
Statistics |
| Form subdivision |
Textbooks. |
| Source of heading or term |
SLSH |
| 9 (RLIN) |
2499 |
| 700 1# - ADDED ENTRY--PERSONAL NAME |
| Personal name |
Weiss, Carol A. |
| 9 (RLIN) |
2500 |
| 856 ## - ELECTRONIC LOCATION AND ACCESS |
| Materials specified |
OCLC |
| Uniform Resource Identifier |
http://www.worldcat.org/title/introductory-statistics/oclc/502452175&referer=brief_results |
|
| Materials specified |
Ebook Fulltext |
| Uniform Resource Identifier |
http://lib.ewubd.edu/ebook/7244 |
| 942 ## - ADDED ENTRY ELEMENTS (KOHA) |
| Source of classification or shelving scheme |
Dewey Decimal Classification |
| Koha item type |
Text |
| Koha issues (borrowed), all copies |
6 |